000 00490nam a2200181Ia 4500
005 20250923144519.0
008 008 250917s9999 xx 000 0 eng d
037 _aTextual
040 _aDSWL
_beng
_cDSWL
041 _aeng
_2eng
084 _qDSWL
100 _aWarren, Roland.L.
_9825644
245 0 _aStudying your community
_cby Roland.L. Warren
260 _aNew York
_b Russell Sage
_c1955
300 _axii,385p.
942 _cTEXL
999 _c1439869
_d1439869